Statistics for World Series Winners

Click here to take the quiz!

General Stats

  • This quiz has been taken 60 times
    (12 since last reset)
  • The average score is 87 of 118

Answer Stats

YearAnswer% Correct
2022Astros
100%
2017Astros
100%
2021Braves
100%
2011Cardinals
100%
2016Cubs
100%
2001Diamondbacks
100%
2020Dodgers
100%
2014Giants
100%
2012Giants
100%
2010Giants
100%
2019Nationals
100%
2013Red Sox
100%
2018Red Sox
100%
2004Red Sox
100%
2015Royals
100%
2005White Sox
100%
2009Yankees
100%
2002Angels
86%
1992Blue Jays
86%
1993Blue Jays
86%
1995Braves
86%
2006Cardinals
86%
1908Cubs
86%
2003Marlins
86%
1969Mets
86%
1983Orioles
86%
2008Phillies
86%
1980Phillies
86%
1979Pirates
86%
2007Red Sox
86%
1991Twins
86%
1961Yankees
86%
1958Yankees
86%
1956Yankees
86%
1953Yankees
86%
1952Yankees
86%
1951Yankees
86%
1936Yankees
86%
1950Yankees
86%
1949Yankees
86%
1947Yankees
86%
1943Yankees
86%
1941Yankees
86%
1939Yankees
86%
1938Yankees
86%
1937Yankees
86%
1927Yankees
86%
1928Yankees
86%
1962Yankees
86%
1999Yankees
86%
2000Yankees
86%
1996Yankees
86%
1998Yankees
86%
1974A's
71%
1989A's
71%
1972A's
71%
1973A's
71%
1965Dodgers
71%
1963Dodgers
71%
1959Dodgers
71%
1988Dodgers
71%
1955Dodgers
71%
1981Dodgers
71%
1948Indians
71%
1997Marlins
71%
1986Mets
71%
1971Pirates
71%
1975Reds
71%
1919Reds
71%
1976Reds
71%
1915Red Sox
71%
1916Red Sox
71%
1918Red Sox
71%
1985Royals
71%
1987Twins
71%
1917White Sox
71%
1932Yankees
71%
1978Yankees
71%
1977Yankees
71%
1903Americans
57%
1929A's
57%
1910A's
57%
1911A's
57%
1913A's
57%
1930A's
57%
1957Braves
57%
1967Cardinals
57%
1982Cardinals
57%
1964Cardinals
57%
1907Cubs
57%
1922Giants
57%
1954Giants
57%
1921Giants
57%
1970Orioles
57%
1966Orioles
57%
1960Pirates
57%
1940Reds
57%
1990Reds
57%
1912Red Sox
57%
1968Tigers
57%
1984Tigers
57%
1906White Sox
57%
1923Yankees
57%
1914Braves
43%
1944Cardinals
43%
1946Cardinals
43%
1942Cardinals
43%
1934Cardinals
43%
1931Cardinals
43%
1926Cardinals
43%
1933Giants
43%
1905Giants
43%
1920Indians
43%
1909Pirates
43%
1925Pirates
43%
1924Senators
43%
1945Tigers
43%
1935Tigers
43%

Score Distribution

Percentile by Number Answered

Percent of People with Each Score

Your Score History

You have not taken this quiz since the last reset